| 000 | 00780nas a2200301 4500 | ||
|---|---|---|---|
| 001 | BR9200027 | ||
| 003 | BR-BrBNA | ||
| 005 | 20231205092212.0 | ||
| 007 | ta | ||
| 008 | 230509b bl.|||p| |||| 00| 00por d | ||
| 040 |
_aBR-BrBNA _bpor _cBiblioteca Nacional de Agricultura |
||
| 041 | _a(Pt) | ||
| 072 | _aF01 | ||
| 100 | 1 | _aAnon. | |
| 245 | 1 | _aColza [Brassica napus] | |
| 650 | _aCOLZA | ||
| 650 | _aTRIGO | ||
| 650 | _aPRATICA CULTURAL | ||
| 650 | _aROTACAO DE CULTURA | ||
| 650 | _aOLEO | ||
| 650 | _aSEMENTE | ||
| 650 | _aVARIEDADE | ||
| 650 | _aNUTRICAO HUMANA | ||
| 650 | _aNUTRICAO ANIMAL | ||
| 773 | 0 |
_tGlobo Rural (Brazil) _xISSN 0102-6178 _g(Aug 1990), v. 5(58) p. 76-79 _wBR9200027 |
|
| 909 |
_a202311 _bLúcia _c55 _dLúcia Elande |
||
| 942 |
_2AGRIS _n0 _cANA |
||
| 999 |
_c130055 _d130055 |
||